| 000 | 00661cam a22002171 4500 | ||
|---|---|---|---|
| 001 | ca 34002104 | ||
| 003 | DLC | ||
| 005 | 20260227111136.0 | ||
| 008 | 800329s1933 ohua 000 0 eng | ||
| 010 | _aca 34002104 | ||
| 035 | _a(OCoLC)6141591 | ||
| 040 |
_aDLC _cOCl _dDLC |
||
| 042 | _apremarc | ||
| 050 | 0 | 0 |
_aPS3539.O14 _bI5 1933 |
| 082 | _a812.5 | ||
| 100 | 1 |
_aTobias, Jay, _d1896- |
|
| 245 | 1 | 0 |
_aIntroducin' Susan, _ba rollicking farce in three acts, _cby Jay Tobias. 7 men; 5 women. |
| 260 |
_aFranklin, O., _aDenver, Colo., _bEldridge entertainment house, _cc1933. |
||
| 300 |
_a110 p. _b1 illus., diagr. _c19 cm. |
||
| 490 | 0 | _aEldridge royalty plays | |
| 999 |
_c17695 _d17695 |
||